ՀՀ Գիտությունների ազգային ակադեմիայի հիմնարար գիտական գրադարան  =   Fundamental Scientific Library of NAS RA

Электротехника : (Record no. 511898)

MARC details
000 -LEADER
fixed length control field 01472nam a2200241 a 4500
003 - CONTROL NUMBER IDENTIFIER
control field AM-YEHGA
001 - CONTROL NUMBER
control field 1442439
005 - DATE AND TIME OF LATEST TRANSACTION
control field 20250617163738.0
008 - FIXED-LENGTH DATA ELEMENTS--GENERAL INFORMATION
fixed length control field 190118s1961 ru d||||r|||||000|0|rus||
040 ## - CATALOGING SOURCE
Original cataloging agency AM-YeHGA
041 0# - LANGUAGE CODE
Language code of text/sound track or separate title rus
090 ## - LOCALLY ASSIGNED LC-TYPE CALL NUMBER (OCLC); LOCAL CALL NUMBER (RLIN)
-- 515405
100 1# - MAIN ENTRY--PERSONAL NAME
Personal name Христенко, Владимир Яковлевич
245 10 - TITLE STATEMENT
Title Электротехника :
Remainder of title Лекция по разделу "Электрические машины постоянного тока" /
Statement of responsibility, etc. В.Я. Христенко; Под ред. д-ра техн. наук проф. А.С. Димитрадзе; М-во высш. и сред. спец. образования РСФСР; ВЗМИ, Кафедра электротехники и электрооборудования.
260 ## - PUBLICATION, DISTRIBUTION, ETC.
Place of publication, distribution, etc. Москва :
Name of publisher, distributor, etc. Высшая школа,
Date of publication, distribution, etc. 1961.
300 ## - PHYSICAL DESCRIPTION
Extent 48 с. :
Other physical details черт., табл. ;
Dimensions 20 см.
650 14 - SUBJECT ADDED ENTRY--TOPICAL TERM
Topical term or geographic name entry element Электромашиностроение
650 14 - SUBJECT ADDED ENTRY--TOPICAL TERM
Topical term or geographic name entry element Электрические машины постоянного тока
Form subdivision Пособия заочные
700 1# - ADDED ENTRY--PERSONAL NAME
Personal name Димитрадзе, А.С.
Relator term ред.
Relationship edt
710 2# - ADDED ENTRY--CORPORATE NAME
Corporate name or jurisdiction name as entry element Министерство высшего и среднего специального образования РСФСР
710 2# - ADDED ENTRY--CORPORATE NAME
Corporate name or jurisdiction name as entry element Всесоюзный заочный машиностроительный институт.
Subordinate unit Кафедра электротехники и электрооборудования
942 ## - ADDED ENTRY ELEMENTS (KOHA)
Source of classification or shelving scheme Universal Decimal Classification
Koha item type Գրքեր / Books
Holdings
Withdrawn status Lost status Source of classification or shelving scheme Damaged status Not for loan Collection Home library Current library Date acquired Total checkouts Full call number Barcode Date last seen Price effective from Koha item type Public note
    Universal Decimal Classification     General Fundamental Scientific Library Fundamental Scientific Library 14/07/2021   PII/56421 FL0650982 14/07/2021 14/07/2021 Գրքեր / Books 30 Days Loan


ՀՀ ԳԱԱ հիմնարար գիտական գրադարան
ՀՀ,Երևան 0019
Մարշալ Բաղրամյան 24/6
հեռախոս:(374-10) 52-47-50
Հետադարձ կապ

All site content, except where otherwise noted, is licensed under a
Creative Commons License